| 000 | 00642 a2200193 4500 | ||
|---|---|---|---|
| 999 |
_c6867 _d6867 |
||
| 020 | _a8175543337 | ||
| 050 | _aHD59 OLI 2008 | ||
| 100 |
_aOliver, Sandra _eauthor |
||
| 245 |
_aPublic relations strategy / _cSandra Oliver |
||
| 250 | _a2nd edition | ||
| 264 |
_aNew Delhi : _bKogan Page, _c2008 |
||
| 300 |
_axiv, 146p. : _bill. |
||
| 440 | _aPR in Practice series | ||
| 500 | _aIncludes bibliographical references and index At foot of cover title: the Institute of Public Relations | ||
| 650 | _aPublic relations | ||
| 650 | _aStrategic planning | ||
| 710 | _aInstitute of Public Relations. | ||
| 942 |
_2lcc _cBK _e2nd edition _h59 _iOLI _kHD |
||